| 000 | 00334nam a2200133Ia 4500 | ||
|---|---|---|---|
| 005 | 20251222141950.0 | ||
| 008 | 251222s9999||||xx |||||||||||||| ||spa|| | ||
| 020 | _a84-7556-263-9 | ||
| 082 | _aREF.791.430.3/R24 | ||
| 100 | _aRamos, Jesús | ||
| 245 | 0 | _aDiccionario Incompleto del Guion Audiovisual | |
| 264 | _bOcéano | ||
| 942 | _cLIB | ||
| 999 |
_c9653 _d9653 |
||